| 000 | 01005 a2200253 4500 | ||
|---|---|---|---|
| 003 | OSt | ||
| 005 | 20180116192327.0 | ||
| 008 | 120423t xxu||||| |||| 00| 0 eng d | ||
| 010 | _a 85026297 | ||
| 020 | _a0442283997 (pbk.) : | ||
| 020 | _a9780471289562 | ||
| 040 | _c0 | ||
| 082 | 0 | 0 | _a711.401 |
| 100 | 1 |
_aTrancik, Roger, _9991 |
|
| 245 | 1 | 0 |
_aFinding lost space : _btheories of urban design / _cRoger Trancik. |
| 260 |
_aNew York : _bVan Nostrand Reinhold, _cc1986. |
||
| 300 |
_aix, 246 p. : _bill. ; _c25 cm. |
||
| 500 | _aIncludes index. | ||
| 505 | _aPreface -- Acknowledgments -- What is lost space? -- Development of twentieth century space -- Urban space precedents -- Three theories of urban spatial design -- Case studies -- Toward an integrated approach to urban design | ||
| 650 | 0 |
_aCity planning _xPhilosophy. _9992 |
|
| 650 | 0 |
_aSpace (Architecture) _xPhilosophy. _9993 |
|
| 942 |
_aSADA _cBK _k711.401 TRA 1986 _2ddc |
||
| 999 |
_c352220 _d352220 |
||